Southville International School and Colleges
Your cart is empty.
  • Cart
  • Lists
    Public lists Eva Luna New books Lux_list list_1
    Your lists Log in to create your own lists
  • Log in to your account
  • Your cookies
  • Search history
Southville International School and Colleges
  • Advanced search
  • Recent comments
  • Most popular
  • Libraries

Log in to your account

Log in with GOOGLE


If you do not have an external account, but do have a local account, you can still log in:

  1. Home
  2. MARC view: 50 excellent extended essays (2008). /
Normal view MARC view ISBD view

50 excellent extended essays (2008). / (Record no. 109370)

[ view plain ]
MARC details
000 -LEADER
fixed length control field 00861nam a2200193 a 4500
005 - DATE AND TIME OF LATEST TRANSACTION
control field 20140414093842.0
008 - FIXED-LENGTH DATA ELEMENTS--GENERAL INFORMATION
fixed length control field 090108s19uu xx uuu eng d
020 ## - INTERNATIONAL STANDARD BOOK NUMBER
International Standard Book Number 978-1-906345-05-1
050 ## - LIBRARY OF CONGRESS CALL NUMBER
Classification number CDR 370.1
Item number EXT 2008
100 ## - MAIN ENTRY--PERSONAL NAME
Personal name International Baccalaureat Organization
245 ## - TITLE STATEMENT
Title 50 excellent extended essays (2008). /
Statement of responsibility, etc International Baccalaureate Organization.
260 ## - PUBLICATION, DISTRIBUTION, ETC. (IMPRINT)
Place of publication, distribution, etc [S.l.] :
Name of publisher, distributor, etc IBO,
Date of publication, distribution, etc 2008.
300 ## - PHYSICAL DESCRIPTION
Extent 1 CDR,
520 ## - SUMMARY, ETC.
Summary, etc This CD-Rom includes essays in the following subjects: English a1, English B, Economics, Geography, history, Information technology in a global society, Philosophy, Psychology, Social and cultural anthropology, Biology, Chemistry, physics, Mathematics, Music, Visual arts, Politics, World religions.
650 ## - SUBJECT ADDED ENTRY--TOPICAL TERM
Topical term or geographic name as entry element Extended essays.
650 ## - SUBJECT ADDED ENTRY--TOPICAL TERM
Topical term or geographic name as entry element International Baccalaureate.
942 ## - ADDED ENTRY ELEMENTS (KOHA)
Koha item type Audio Visual Materials
Holdings
Withdrawn status Lost status Damaged status Use restrictions Home library Current library Shelving location Date acquired Source of acquisition Total Checkouts Full call number Barcode Date last seen Price effective from Koha item type
        Luxembourg Library Luxembourg Library Audio Visual Material Section 01/08/2009     CDR 370.1 EXT 2008 AV1010 04/14/2014 04/14/2014 Audio Visual Materials

50 excellent extended essays (2008). /

APA

International Baccalaureat Organization, . (2008). 50 excellent extended essays (2008). [S.l.]: IBO.

Chicago

International Baccalaureat Organization, . 2008. 50 excellent extended essays (2008). [S.l.]: IBO.

Harvard

International Baccalaureat Organization, . (2008). 50 excellent extended essays (2008). [S.l.]: IBO.

MLA

International Baccalaureat Organization, . 50 excellent extended essays (2008). [S.l.]: IBO. 2008.

  • Place hold
  • Print
  • Cite
  • Add to your cart (remove)
  • Save record
    BIBTEX Dublin Core MARCXML MARC (non-Unicode/MARC-8) MARC (Unicode/UTF-8) MARC (Unicode/UTF-8, Standard) MODS (XML) RIS
  • More searches
    Search for this title in:
    Other Libraries (WorldCat) Other Databases (Google Scholar) Online Stores (Bookfinder.com) Open Library (openlibrary.org)

Exporting to Dublin Core...

SOUTHVILLE LIBRARY

Southville International School and Colleges Library

1281 Tropical Ave. Cor. Luxembourg St., BF Homes International, Las Pinas City

Tel. No. 8256374 / 252358 Loc. 117/146

Powered by Koha